[Event "FRA-ch qual"]
[Site "Bescanon"]
[Date "1999.08.26"]
[Round "9"]
[White "Giffard, Nicolas"]
[Black "Lupu, Mircea Sergiu"]
[Result "1-0"]
[WhiteElo "2360"]
[BlackElo "2489"]
[PlyCount "35"]
[EventDate "1999.08.18"]
[Source "www.chesslib.no"]
[SourceDate "2004.05.04"]

1. d4 d5 2. c4 dxc4 3. Nf3 a6 4. e3 e6 5. Bxc4 Nf6 6. O-O c5 7. e4 h6 8. e5 Nd5 9. Nbd2 cxd4 10. Nxd4 Nb6 11. Qg4 Qc7 12. b3 Qxe5 13. Bb2 Qg5 14. Qe2 Nxc4 15. Nxc4 Nd7 16. Nxe6 fxe6 17. Qxe6+ Kd8 18. Rfd1 1-0

[Event "5. Rohde Open"]
[Site "?"]
[Date "2005.10.29"]
[Round "8"]
[White "Koziak Vitali"]
[Black "Ivanov Jordan"]
[Result "1-0"]
[WhiteElo "2480"]
[BlackElo "2359"]
[PlyCount "65"]
[EventDate "2005.??.??"]
[Source "www.chesslib.no"]
[SourceDate "2004.05.04"]

1. d4 d5 2. c4 dxc4 3. e3 Nf6 4. Bxc4 e6 5. Nf3 c5 6. O-O a6 7. e4 Nxe4 8. d5 Be7 9. Re1 exd5 10. Qxd5 Nd6 11. Bd3 c4 12. Bf1 Nc6 13. Nc3 Be6 14. Rxe6 fxe6 15. Qxe6 Qd7 16. Bxc4 Nxc4 17. Qxc4 O-O-O 18. Bf4 b5 19. Qe4 Bf6 20. g3 Kb7 21. Nd2 g5 22. Nb3 Qe8 23. Nc5+ Kb6 24. Nd5+ Rxd5 25. Qxd5 Bxb2 26. Nd7+ Kb7 27. Nc5+ Kb6 28. Nd7+ Kb7 29. Rb1 gxf4 30. Rxb2 f3 31. h4 Qe1+ 32. Kh2 Qc3 33. Nc5+ 1-0

[Event "IND-chT"]
[Site "Chennai"]
[Date "2000.??.??"]
[Round "2"]
[White "Sasikiran, Krishnan"]
[Black "Murali Krishnan, BT."]
[Result "1-0"]
[WhiteElo "2514"]
[BlackElo "2323"]
[PlyCount "75"]
[EventDate "2000.??.??"]
[Source "www.chesslib.no"]
[SourceDate "2004.05.04"]

1. d4 d5 2. c4 dxc4 3. Nf3 Nf6 4. e3 e6 5. Bxc4 c5 6. O-O a6 7. e4 Nxe4 8. d5 Be7 9. Re1 Nd6 10. Bb3 O-O 11. Nc3 Nf5 12. Bf4 Bf6 13. dxe6 Bxe6 14. Bxe6 fxe6 15. Qb3 Nc6 16. Qxb7 Nfd4 17. Nxd4 Nxd4 18. Rab1 Nc2 19. Rxe6 Bxc3 20. bxc3 Na3 21. Rbe1 Rxf4 22. Qb3 Nc4 23. g3 Qg5 24. R6e4 Rxe4 25. Rxe4 h6 26. Qxc4+ Kh7 27. Rg4 Qf5 28. Rf4 Qg6 29. a4 Rd8 30. Qxc5 Qb1+ 31. Kg2 Qb7+ 32. Kh3 Rd5 33. Qc4 Rh5+ 34. Rh4 Re5 35. Qd3+ Kh8 36. Rd4 Rh5+ 37. Kg4 Rg5+ 38. Kh4 1-0

[Event "XXIII Open"]
[Site "Cappelle la Grande FRA"]
[Date "2007.03.06"]
[Round "5"]
[White "Gareev, T."]
[Black "Mazzilli, P."]
[Result "1-0"]
[WhiteElo "2551"]
[BlackElo "2281"]
[PlyCount "45"]
[EventDate "2007.03.03"]
[Source "www.chesslib.no"]
[SourceDate "2004.05.04"]

1. Nf3 d5 2. d4 Nf6 3. c4 dxc4 4. e3 e6 5. Bxc4 c5 6. O-O a6 7. e4 b5 8. Bd3 cxd4 9. a4 b4 10. Nbd2 Nc6 11. e5 Nd7 12. Be4 Bb7 13. Nb3 Qb6 14. Bf4 Be7 15. Re1 O-O 16. a5 Qa7 17. Qc2 d3 18. Qxd3 Nc5 19. Nxc5 Bxc5 20. Bxh7+ Kh8 21. Ng5 g6 22. Qh3 Kg7 23. Bg8 1-0

[Event "corr IC1998F.001"]
[Site "?"]
[Date "1998.??.??"]
[Round "?"]
[White "Neven, Knut"]
[Black "Halwick, Floyd"]
[Result "1-0"]
[WhiteElo "2375"]
[BlackElo "2440"]
[PlyCount "75"]
[EventDate "1998.??.??"]
[Source "www.chesslib.no"]
[SourceDate "2004.05.04"]

1. d4 d5 2. c4 dxc4 3. Nf3 Nf6 4. e3 e6 5. Bxc4 c5 6. O-O a6 7. e4 b5 8. Bd3 cxd4 9. e5 Nd5 10. a4 b4 11. Nxd4 Bb7 12. Qg4 Nc6 13. Nxc6 Bxc6 14. Bg5 Qd7 15. Nd2 h6 16. Qh3 Bxa4 17. Be4 Bc6 18. Rac1 Rc8 19. Nc4 Bc5 20. Rfd1 Bb7 21. Rd3 Rc7 22. b3 Qc8 23. Rcd1 Rd7 24. Bc1 Qb8 25. Qg4 Kf8 26. Bb2 Qd8 27. Rg3 Qg5 28. Qf3 Qd8 29. Bd4 Bxd4 30. Rxd4 Rc7 31. Qd1 Rg8 32. f4 Qe7 33. f5 Qc5 34. Kh1 Bc6 35. fxe6 fxe6 36. Nd6 Ke7 37. Rc4 Qb6 38. Qf1 1-0

[Event "St Petersburg White Nights op1"]
[Site "?"]
[Date "2002.??.??"]
[Round "5"]
[White "Bratchenko Alexander"]
[Black "Kiselev Gennady"]
[Result "1/2-1/2"]
[WhiteElo "2382"]
[BlackElo "2432"]
[PlyCount "41"]
[EventDate "2002.??.??"]
[Source "www.chesslib.no"]
[SourceDate "2004.05.04"]

1. d4 d5 2. c4 dxc4 3. Nf3 Nf6 4. e3 e6 5. Bxc4 a6 6. O-O c5 7. e4 b5 8. Bd3 Bb7 9. e5 Nd5 10. a4 bxa4 11. dxc5 Bxc5 12. Qxa4+ Nd7 13. Qg4 Ne7 14. Nbd2 Ng6 15. Be4 Rb8 16. Bxb7 Rxb7 17. Ra4 Kf8 18. Qh5 Be7 19. Ne4 Qe8 20. Rxa6 Ndxe5 21. Nd6 1/2-1/2

[Event "CZE-ch op"]
[Site "Plzen"]
[Date "1999.??.??"]
[Round "?"]
[White "Cech, Pavel"]
[Black "Voloshin, Leonid"]
[Result "1/2-1/2"]
[WhiteElo "2390"]
[BlackElo "2422"]
[PlyCount "28"]
[EventDate "1999.??.??"]
[Source "www.chesslib.no"]
[SourceDate "2004.05.04"]

1. d4 d5 2. c4 dxc4 3. e3 e6 4. Bxc4 Nf6 5. Nf3 a6 6. O-O c5 7. e4 b5 8. Bd3 Bb7 9. e5 Nd5 10. Nbd2 Nd7 11. Ne4 cxd4 12. Re1 h6 13. Nxd4 Qb6 14. Nf3 Nc5 1/2-1/2

[Event "BL2-Ost 0304"]
[Site "Germany"]
[Date "2003.??.??"]
[Round "?.3"]
[White "Cech, Pavel"]
[Black "Donchenko, Anatoly G"]
[Result "1/2-1/2"]
[WhiteElo "2400"]
[BlackElo "2400"]
[PlyCount "56"]
[EventDate "2003.10.??"]
[Source "Roberto Alvarez"]
[SourceDate "2004.07.26"]

1. d4 d5 2. c4 dxc4 3. e3 e6 4. Bxc4 c5 5. Nf3 a6 6. O-O Nf6 7. e4 cxd4 8. e5 Nd5 9. Qxd4 Nc6 10. Qg4 Qc7 11. Re1 Ncb4 12. Na3 b5 13. Bf1 Bd7 14. Bd2 Rc8 15. Re4 Nc6 16. Rc1 Qb8 17. Ree1 g6 18. Nb1 Bg7 19. Nc3 h5 20. Qe4 Nce7 21. Nxd5 Nxd5 22. Rxc8+ Bxc8 23. Bb4 Nxb4 24. Qxb4 Bf8 25. Qf4 Bh6 26. Qb4 Bf8 27. Qf4 Bh6 28. Qb4 Bf8 1/2-1/2

[Event "Paks Cup GM 5th"]
[Site "Paks"]
[Date "2000.08.21"]
[Round "3"]
[White "Lipinsky, Fabian"]
[Black "Arnold, Lothar"]
[Result "1/2-1/2"]
[WhiteElo "2362"]
[BlackElo "2435"]
[PlyCount "62"]
[EventDate "2000.08.19"]
[Source "ChessBase"]
[SourceDate "2000.09.14"]

1. d4 d5 2. Nf3 Nf6 3. c4 dxc4 4. e3 e6 5. Bxc4 c5 6. O-O a6 7. e4 b5 8. Bd3 Bb7 9. e5 Nd5 10. Nbd2 Nd7 11. Ne4 cxd4 12. a4 b4 13. Bg5 Qb8 14. Re1 h6 15. Bh4 Nc5 16. Rc1 Nxe4 17. Bxe4 Be7 18. Bg3 O-O 19. Bb1 Rd8 20. Qd3 g6 21. Nxd4 Qa7 22. Red1 Bg5 23. Rc4 Nf4 24. Bxf4 Bxf4 25. Rc7 Rxd4 26. Qxd4 Qxd4 27. Rxd4 Bxe5 28. Rxb4 Bxc7 29. Rxb7 Rd8 30. g3 Be5 31. Be4 Rb8 1/2-1/2

[Event "YUG-ch 1/2 fin"]
[Site "?"]
[Date "1997.??.??"]
[Round "11"]
[White "Marcetic Nikola"]
[Black "Pikula Dejan"]
[Result "1-0"]
[WhiteElo "2295"]
[BlackElo "2495"]
[PlyCount "47"]
[EventDate "1997.??.??"]
[Source "www.chesslib.no"]
[SourceDate "2004.05.04"]

1. d4 d5 2. c4 dxc4 3. Nf3 Nf6 4. e3 e6 5. Bxc4 a6 6. O-O c5 7. e4 b5 8. Bd3 cxd4 9. e5 Nd5 10. Nxd4 Nd7 11. Nxe6 fxe6 12. Qh5+ Ke7 13. Bg5+ N7f6 14. Nc3 Bb7 15. Be4 Qe8 16. Qf3 Qf7 17. Rfe1 Kd8 18. exf6 g6 19. Nxd5 exd5 20. Bxd5 Bxd5 21. Red1 Ra7 22. Rxd5+ Kc8 23. Rad1 Bb4 24. Qg4+ 1-0

[Event "1st League TCh-SCG w"]
[Site "Budva"]
[Date "2003.09.02"]
[Round "5"]
[White "Kononenko, Tatiana"]
[Black "Maric, Alisa"]
[Result "1/2-1/2"]
[WhiteElo "2349"]
[BlackElo "2433"]
[PlyCount "41"]
[EventDate "2003.08.29"]
[Source "Roberto Alvarez"]
[SourceDate "2003.10.27"]

1. d4 d5 2. c4 dxc4 3. e3 e6 4. Bxc4 c5 5. Nf3 a6 6. O-O Nf6 7. e4 Nxe4 8. d5 Be7 9. Re1 Nd6 10. Bb3 c4 11. Bc2 O-O 12. dxe6 Nc6 13. exf7+ Rxf7 14. Ne5 Nxe5 15. Rxe5 Bf8 16. Nc3 Qf6 17. Qe1 Bf5 18. Nd5 Qg6 19. Nf4 Qf6 20. Nd5 Qg6 21. Nf4 1/2-1/2

[Event "Oberliga Baden 0001"]
[Site "?"]
[Date "2001.01.28"]
[Round "5.2"]
[White "Siegel Georg"]
[Black "Schuh Hubert"]
[Result "1/2-1/2"]
[WhiteElo "2464"]
[BlackElo "2306"]
[PlyCount "39"]
[EventDate "2001.??.??"]
[Source "www.chesslib.no"]
[SourceDate "2004.05.04"]

1. d4 d5 2. c4 dxc4 3. e3 Nf6 4. Bxc4 e6 5. Nf3 c5 6. O-O a6 7. e4 cxd4 8. e5 Nfd7 9. Qxd4 Nc6 10. Qf4 Qc7 11. Re1 Ndxe5 12. Nxe5 Nxe5 13. Qxe5 Qxc4 14. Nc3 f6 15. Qh5+ g6 16. Qf3 Bd7 17. Bh6 Qc6 18. Qg3 Kf7 19. Rac1 Rd8 20. Qh4 1/2-1/2

[Event "corr IC1998F.001"]
[Site "?"]
[Date "1998.??.??"]
[Round "?"]
[White "Neven, Knut"]
[Black "Koch, Christian"]
[Result "0-1"]
[WhiteElo "2375"]
[BlackElo "2395"]
[PlyCount "58"]
[EventDate "1998.??.??"]
[Source "www.chesslib.no"]
[SourceDate "2004.05.04"]

1. d4 d5 2. c4 dxc4 3. Nf3 Nf6 4. e3 e6 5. Bxc4 c5 6. O-O a6 7. e4 b5 8. Bd3 Bb7 9. Bg5 cxd4 10. a4 b4 11. Nbd2 h6 12. Bxf6 gxf6 13. Qe2 Nc6 14. Rac1 Na5 15. b3 e5 16. Nh4 Rg8 17. f4 Qd7 18. fxe5 fxe5 19. Nc4 Nxb3 20. Rb1 Nc5 21. Nxe5 Qc7 22. Bc4 O-O-O 23. Nxf7 d3 24. Qh5 Nxe4 25. Qf5+ Kb8 26. Nxd8 Bc5+ 27. Kh1 Rxd8 28. Bxa6 Bxa6 29. Qxe4 d2 0-1

[Event "Metz Open"]
[Site "Metz FRA"]
[Date "1994.??.??"]
[Round "1"]
[White "Legky, Nikolay A"]
[Black "Alet, Jean-Pierre"]
[Result "1-0"]
[WhiteElo "2525"]
[BlackElo "2220"]
[PlyCount "39"]
[EventDate "1994.04.??"]
[Source "www.chesslib.no"]
[SourceDate "2004.05.04"]

1. d4 d5 2. c4 dxc4 3. Nf3 c5 4. e3 e6 5. Bxc4 Nf6 6. O-O a6 7. e4 cxd4 8. e5 Nfd7 9. Qxd4 Nc6 10. Qf4 Qc7 11. Re1 Ndxe5 12. Nxe5 Nxe5 13. Qxe5 Qxc4 14. Nc3 f6 15. Qh5+ g6 16. Qf3 Be7 17. Bh6 Qh4 18. Nd5 Kf7 19. Rac1 Qh5 20. Rc7 1-0

[Event "Wch U20 Girls"]
[Site "Yerevan"]
[Date "2000.09.22"]
[Round "4"]
[White "Radziewicz, Iweta"]
[Black "Jackova, Jana"]
[Result "1-0"]
[WhiteElo "2379"]
[BlackElo "2358"]
[PlyCount "39"]
[EventDate "2000.09.02"]
[Source "ChessBase"]
[SourceDate "2000.11.10"]

1. d4 d5 2. c4 dxc4 3. e3 e6 4. Nf3 Nf6 5. Bxc4 c5 6. O-O a6 7. e4 b5 8. Bd3 Bb7 9. Bg5 h6 10. Bxf6 Qxf6 11. Nbd2 cxd4 12. a4 b4 13. e5 Qf4 14. a5 Be7 15. Rc1 O-O 16. Rc7 Bxf3 17. Nxf3 Bd8 18. Rc4 h5 19. Rxd4 Qh6 20. Be4 1-0

[Event "Sonnevanck"]
[Site "Wijk aan Zee"]
[Date "1996.??.??"]
[Round "5"]
[White "Loeffler, Stefan"]
[Black "Jonkman, Harmen"]
[Result "1-0"]
[WhiteElo "2410"]
[BlackElo "2325"]
[PlyCount "49"]
[EventDate "1996.11.??"]
[Source "ChessBase"]

1. d4 d5 2. c4 dxc4 3. Nf3 Nf6 4. e3 e6 5. Bxc4 a6 6. O-O c5 7. e4 b5 8. Bd3 cxd4 9. a4 b4 10. e5 Nd5 11. Nxd4 Bb7 12. Qg4 Nd7 13. Nxe6 fxe6 14. Qh5+ Ke7 15. Bg5+ N7f6 16. Re1 Qe8 17. Qf3 Qd7 18. Nd2 Kf7 19. Ne4 Be7 20. Bc4 Qd8 21. exf6 gxf6 22. Qh5+ Kg8 23. Bh6 Bf8 24. Qg4+ Kf7 25. Ng5+ 1-0

[Event "Stockholm"]
[Site "Stockholm"]
[Date "1998.06.10"]
[Round "5"]
[White "Eriksson, Johan"]
[Black "Hartman, Christer"]
[Result "1/2-1/2"]
[WhiteElo "2380"]
[BlackElo "2345"]
[PlyCount "79"]
[EventDate "1998.06.06"]
[Source "ChessBase"]
[SourceDate "1998.07.07"]

1. d4 d5 2. c4 dxc4 3. Nf3 a6 4. e3 Nf6 5. Bxc4 e6 6. O-O c5 7. e4 b5 8. Bd3 Bb7 9. e5 Nd5 10. a4 bxa4 11. dxc5 Nb4 12. Qxa4+ N8c6 13. Be4 Bxc5 14. Bd2 Qb6 15. Bxb4 Bxb4 16. Nd4 Rc8 17. Nxc6 Bxc6 18. Bxc6+ Rxc6 19. Rc1 Kd7 20. Nc3 Rhc8 21. Ne4 Ke7 22. Rxc6 Rxc6 23. Rd1 Qb5 24. Qb3 h6 25. h3 a5 26. Qf3 Rb6 27. Nf6 Rb7 28. Rc1 gxf6 29. Qxf6+ Kd7 30. Qxf7+ Be7 31. Rd1+ Kc8 32. Qxe6+ Kb8 33. Rd2 Ka7 34. Rd5 Bc5 35. Kh2 Qc4 36. Qc6 Qf4+ 37. Kh1 Qc1+ 38. Kh2 Qf4+ 39. Kh1 Qc1+ 40. Kh2 1/2-1/2

[Event "IMB"]
[Site "Brno"]
[Date "2004.07.11"]
[Round "9"]
[White "Cech, Pavel"]
[Black "Vyskocil, Neklan"]
[Result "1-0"]
[WhiteElo "2404"]
[BlackElo "2305"]
[PlyCount "85"]
[EventDate "2004.07.03"]
[Source "Roberto Alvarez"]
[SourceDate "2004.07.12"]

1. d4 d5 2. c4 dxc4 3. e3 Nf6 4. Bxc4 e6 5. Nf3 c5 6. O-O a6 7. e4 b5 8. Bd3 cxd4 9. a4 b4 10. Nbd2 Nbd7 11. e5 Nc5 12. Nc4 Nfd7 13. Bg5 Qc7 14. Rc1 Bb7 15. Nxd4 Bd5 16. Re1 Nxd3 17. Qxd3 Bc5 18. Nd6+ Kf8 19. Nb3 Bxd6 20. Rxc7 Bxc7 21. Qd4 a5 22. Nc5 Nb8 23. Nxe6+ fxe6 24. Qc5+ Kf7 25. Qxc7+ Kg6 26. h4 Rg8 27. Qc2+ Kf7 28. Qc7+ Kg6 29. Qc2+ Kf7 30. Qxh7 Nd7 31. h5 Nf8 32. Qc2 Rh8 33. Qc7+ Kg8 34. Re3 Rxh5 35. Rg3 g6 36. Bf6 Rh7 37. Qc2 Kf7 38. Qc5 Kg8 39. Rh3 Nd7 40. Qc2 Nf8 41. Rxh7 Kxh7 42. Qc7+ Kh6 43. g4 1-0

[Event "Open"]
[Site "Montpellier"]
[Date "2003.??.??"]
[Round "5.17"]
[White "Saucey, Michel"]
[Black "Karpatchev, Aleksandr"]
[Result "0-1"]
[WhiteElo "2311"]
[BlackElo "2397"]
[PlyCount "69"]
[EventDate "2003.07.07"]
[Source "Roberto Alvarez"]
[SourceDate "2003.08.04"]

1. d4 d5 2. c4 dxc4 3. Nf3 Nf6 4. e3 a6 5. Bxc4 e6 6. O-O c5 7. e4 Nxe4 8. Qe2 Nf6 9. d5 Nxd5 10. Rd1 Qe7 11. Bg5 f6 12. Bh4 Nc6 13. a4 Nb6 14. Bb3 c4 15. Bc2 Bd7 16. Nc3 O-O-O 17. a5 Nd5 18. Be4 Nxc3 19. bxc3 Qc5 20. Nd4 e5 21. Bxc6 bxc6 22. Nc2 Be7 23. Nb4 Qb5 24. Rab1 Bf5 25. Rbc1 Rxd1+ 26. Rxd1 Rd8 27. Rxd8+ Bxd8 28. f4 exf4 29. Qe8 Bd7 30. Qf8 Qxa5 31. h3 Qa1+ 32. Kh2 Qxc3 33. Bf2 Qe5 34. Nxa6 f3+ 35. Kg1 0-1

[Event "Stockholm IM"]
[Site "Stockholm"]
[Date "2000.06.15"]
[Round "6"]
[White "Nilssen, John Arni"]
[Black "Hjelm, Niclas"]
[Result "1-0"]
[WhiteElo "2339"]
[BlackElo "2347"]
[PlyCount "95"]
[EventDate "2000.06.10"]
[Source "ChessBase"]
[SourceDate "2000.07.11"]

1. d4 d5 2. c4 dxc4 3. Nf3 Nf6 4. e3 e6 5. Bxc4 c5 6. O-O a6 7. e4 b5 8. Bd3 Bb7 9. e5 Nd5 10. a4 b4 11. Nbd2 cxd4 12. Ne4 Nd7 13. a5 h6 14. Nxd4 Nxe5 15. Nxe6 fxe6 16. Qh5+ Nf7 17. Re1 Be7 18. Qg6 Kf8 19. Ng3 Bf6 20. Bd2 Ne5 21. Qe4 Qe7 22. Bc2 Rd8 23. Nh5 Kf7 24. Qe2 Nc7 25. Bf4 Rd5 26. Be4 Qd7 27. Rad1 Qb5 28. Bxd5 Qxe2 29. Rxe2 Nxd5 30. Bxe5 Rc8 31. Rde1 Rc6 32. h3 Bc8 33. Rd2 Bb7 34. Bxf6 gxf6 35. Ng3 Rc5 36. Ne4 Rc6 37. Kh2 f5 38. Ng3 Rc5 39. Ra1 Kf6 40. Nh5+ Kf7 41. Re2 Bc8 42. g3 Kg6 43. Nf4+ Nxf4 44. gxf4 Kf6 45. Ree1 Bb7 46. Rec1 Rb5 47. Rc7 e5 48. Rac1 1-0

[Event "Pardubice Czech op"]
[Site "Pardubice"]
[Date "1998.??.??"]
[Round "3"]
[White "Babula, Vlastimil"]
[Black "Vaculik, Martin"]
[Result "1-0"]
[WhiteElo "2555"]
[BlackElo "2125"]
[PlyCount "55"]
[EventDate "1998.07.??"]
[Source "www.chesslib.no"]
[SourceDate "2004.05.04"]

1. d4 d5 2. c4 dxc4 3. e3 Nf6 4. Bxc4 e6 5. Nf3 c5 6. O-O a6 7. e4 b5 8. Bd3 Bb7 9. Qe2 Be7 10. dxc5 Bxc5 11. a4 Nbd7 12. Nbd2 b4 13. e5 Nd5 14. Ne4 Qc7 15. Bd2 Be7 16. Rac1 Qb8 17. Ng3 Nc5 18. Bc2 b3 19. Bb1 Nxa4 20. Bg5 Nab6 21. Ne4 f6 22. exf6 gxf6 23. Nxf6+ Nxf6 24. Bxf6 Bxf6 25. Qxe6+ Be7 26. Rfe1 Nd5 27. Be4 Qd8 28. Rcd1 1-0

[Event "Marshall CC Winter"]
[Site "New York"]
[Date "1998.12.18"]
[Round "7"]
[White "Santana, Joan"]
[Black "Ashley, Maurice"]
[Result "1/2-1/2"]
[WhiteElo "2175"]
[BlackElo "2490"]
[PlyCount "38"]
[EventDate "1998.12.??"]
[Source "www.chesslib.no"]
[SourceDate "2004.05.04"]

1. d4 d5 2. c4 dxc4 3. Nf3 Nf6 4. e3 e6 5. Bxc4 c5 6. O-O a6 7. e4 b5 8. e5 bxc4 9. exf6 gxf6 10. Nc3 Bb7 11. Re1 cxd4 12. Nxd4 Bc5 13. Qh5 Qxd4 14. Be3 Qe5 15. Qxe5 fxe5 16. Bxc5 Rg8 17. Ne4 Bxe4 18. Rxe4 Nd7 19. Rxc4 Rc8 1/2-1/2

[Event "Serbia-ch"]
[Site "Kragujevac"]
[Date "2000.02.26"]
[Round "8"]
[White "Maksimovic, Branimir"]
[Black "Stojanovic, Dalibor"]
[Result "1/2-1/2"]
[WhiteElo "2408"]
[BlackElo "2249"]
[PlyCount "77"]
[EventDate "2000.02.19"]
[Source "www.chesslib.no"]
[SourceDate "2004.05.04"]

1. d4 d5 2. c4 dxc4 3. Nf3 Nf6 4. e3 e6 5. Bxc4 c5 6. O-O a6 7. e4 Nxe4 8. d5 Be7 9. dxe6 Bxe6 10. Bxe6 Qxd1 11. Bxf7+ Kxf7 12. Rxd1 Bf6 13. Nc3 Nxc3 14. bxc3 Bxc3 15. Rb1 b5 16. Be3 Bf6 17. Bxc5 Rc8 18. Bd4 Bxd4 19. Rxd4 Ra7 20. Ne5+ Kf8 21. h4 Re7 22. Rd5 Nc6 23. Rc1 Rd8 24. Rxd8+ Nxd8 25. f4 Nf7 26. Nf3 Re2 27. Rc8+ Ke7 28. Rc7+ Ke8 29. a3 Re3 30. Nd4 Rxa3 31. f5 Rd3 32. Ne6 Rd7 33. Nxg7+ Kd8 34. Ne6+ Ke7 35. Rc6 Rd6 36. Rc7+ Rd7 37. Rc6 Rd6 38. Rc7+ Rd7 39. Rc6 1/2-1/2

[Event "It"]
[Site "Brno"]
[Date "2003.07.04"]
[Round "9"]
[White "Holemar, David"]
[Black "Wiley, Tom E"]
[Result "0-1"]
[WhiteElo "2337"]
[BlackElo "2319"]
[PlyCount "82"]
[EventDate "2003.06.28"]
[Source "Roberto Alvarez"]
[SourceDate "2003.07.14"]

1. d4 d5 2. c4 dxc4 3. Nf3 Nf6 4. e3 e6 5. Bxc4 c5 6. O-O a6 7. e4 b5 8. Bb3 Bb7 9. e5 Nd5 10. a4 Nd7 11. Bg5 Qb6 12. axb5 axb5 13. Rxa8+ Bxa8 14. Nc3 c4 15. Bc2 h6 16. Bh4 Nxc3 17. bxc3 Bc6 18. Nd2 Qb7 19. f3 Nb6 20. Ne4 Nd5 21. Qd2 Kd7 22. f4 g6 23. g4 Kc8 24. f5 gxf5 25. gxf5 Kb8 26. fxe6 fxe6 27. Nd6 Rg8+ 28. Bg3 Qb6 29. Bh7 Rh8 30. Be4 h5 31. Rxf8+ Rxf8 32. Qh6 Rd8 33. Qxe6 Nxc3 34. Bxc6 Qxc6 35. Qe7 Rg8 36. Qf7 Qd5 37. Qxd5 Nxd5 38. Kf2 c3 39. Ke2 b4 40. e6 h4 41. Bxh4 c2 0-1